| 000 | 00622nam a2200181 i 4500 | ||
|---|---|---|---|
| 001 | 39455 | ||
| 003 | ES-MaACL | ||
| 005 | 20251014063105.0 | ||
| 007 | t| | ||
| 008 | 030303s1877 sp ||||1| spa d | ||
| 100 | 1 |
_aCanella y Secades, Fermín, _d1849-1924 _934478 |
|
| 245 | 1 | 6 |
_aDiscurso leído en la apertura del año académico de 1877 a 1878 _b: [tema: De la enseñanza del derecho civil] / _cFermín Canella y Secades. |
| 260 |
_aOviedo : _b[s.n.], _c1877. |
||
| 300 |
_a72 p. ; _c29 cm. |
||
| 594 | _aPrecede al tít.: Universidad de Oviedo. | ||
| 852 |
_aES-MaACL _jT-234-F-4 |
||
| 999 |
_c39455 _d39455 |
||